Monitoreo vehicular mediante módulos GPS y GPRS controlados por Intel Galileo
Đã lưu trong:
| Tác giả chính: | |
|---|---|
| Tác giả khác: | |
| Định dạng: | Sách |
| Ngôn ngữ: | Spanish |
| Được phát hành: |
[San José], Costa Rica
2014
|
| Những chủ đề: | |
| Các nhãn: |
Thêm thẻ
Không có thẻ, Là người đầu tiên thẻ bản ghi này!
|
MARC
| LEADER | 00000nam a22000007a 4500 | ||
|---|---|---|---|
| 003 | 012051 | ||
| 005 | 20230628114156.0 | ||
| 008 | 150219b2014 cr a|||| |||| 00| ||spa d | ||
| 040 | |c cru CEDI | ||
| 100 | |9 830 |a Valverde Vega, Sergio Andrés, 1991- | ||
| 245 | |a Monitoreo vehicular mediante módulos GPS y GPRS controlados por Intel Galileo | ||
| 260 | |a [San José], Costa Rica |c 2014 | ||
| 500 | |a Proyecto de graduación (bachillerato en ingeniería eléctrica)-- Universidad de Costa Rica. Facultad de Ingeniería. Escuela de Ingeniería Eléctrica | ||
| 501 | |a Profesor Guía de IE-0499 Proyecto Eléctrico: M.Sc Teodoro Willink Castro | ||
| 650 | |x SISTEMA GLOBAL DE POSICIONAMIENTO |x SERVICIO GENERAL DE RADIO POR PAQUETES |x MICROCONTROLADORES |x SISTEMAS EMBEBIDOS |x AUTOBUSES - SISTEMAS DE INFORMACION GEOGRAFICA |9 153 | ||
| 700 | |9 728 |a Willink Castro, Teodoro, 1986- |d Director de Proyecto Eléctrico | ||
| 942 | |c CEDI |h TFG 7217 |6 TFG_7217_000000000000000 | ||
| 999 | |c 13561 |d 13561 | ||
